01013nam a22002777a 45000010005000000030006000050050017000110080041000280200018000690400023000870500016001100820008001261000034001342450144001682500041003122600035003533000057003884400027004455050007004725200141004795210018006205210018006386500028006566500019006847000032007037218FISKH20250703085808.0250703b cb ||||| |||| 00| 0 eng d a9780590929745 aDLCcDLCdDLCbeng aPZ10.L967 L a5631 aLundell, Margod(1942–2020)10aLad, a dog :bBest dog in the world /cRetold by Margo Lundell ; based on the book by Albert Payson Terhune ; illustrated by Don Bolognese. aThis edition first published in 1997 aNew York :bScholastic,c1997. a44 unnumbered pages :bcolor illustrations ;c23 cm. 0aHello reader!nLevel 4 aN  aWhisked away from his country estate to compete in a dog show in New York City, Lad is confused and unhappy and wishes only to go home. 0 a570 bLexile 0 aN bRaz-Plus  0aDogsxJuvenile fiction. 1aDogsxFiction. aBolognese, Doneillustrator